Počítačová podpora pri ohodnocovaní podnikov v podmienkach SR
V súčasnosti je v Slovenskej republike využívaný iba jeden softvér, ktorý slúži na ohodnocovanie nehnuteľností. Pri dynamickom rozvoji podnikateľského prostredia sa ohodnocovanie podnikov stáva zložitým problémom. Vhodný softvér môže eliminovať problémy a priniesť hospodárnosť a užívateľský komfort....
Salvato in:
| Autore principale: | |
|---|---|
| Natura: | Capitolo di libro |
| Lingua: | slovacco |
| Soggetti: | |
| Tags: |
Nessun Tag, puoi essere il primo ad aggiungerne!!
|
MARC
| LEADER | 00000nla$a2200000$$$4500 | ||
|---|---|---|---|
| 001 | 0066368 | ||
| 005 | 20240502071804.2 | ||
| 041 | 0 | |a slo | |
| 044 | |a SK | ||
| 245 | 1 | 0 | |a Počítačová podpora pri ohodnocovaní podnikov v podmienkach SR |c Miroslav Jakubec |
| 520 | |a V súčasnosti je v Slovenskej republike využívaný iba jeden softvér, ktorý slúži na ohodnocovanie nehnuteľností. Pri dynamickom rozvoji podnikateľského prostredia sa ohodnocovanie podnikov stáva zložitým problémom. Vhodný softvér môže eliminovať problémy a priniesť hospodárnosť a užívateľský komfort. V príspevku sa autor venuje analýze možnosti využitia STRATEXU a EVALENTU pri ohodnocovaní podniku v našich podmienkach. | ||
| 610 | 2 | 0 | |a ohodnocovanie podniku |
| 610 | 2 | 0 | |a softvér |
| 610 | 2 | 0 | |a výnosy podnikové |
| 610 | 2 | 0 | |a plán finančný |
| 610 | 2 | 0 | |a Slovensko |
| 100 | 1 | |a Jakubec, Miroslav | |